000 00314nam a22001337a 4500
020 _a81-222-0227-6
082 _a001
_bMUL/G
100 _aMILLER, ROBERT
245 _aTHE GREAT BOOK OF MATH TEASERS
260 _aDELHI
_bORIENT PAPERBACKS
_c2001
300 _a96
650 _aGENERAL KNOWLEDGE
_zINDIA
942 _cBK
999 _c6604
_d6604